Prénoms filles 2000 - Statistiques

Statistiques générales
  • Ce quiz a été pris 395 fois
  • Le résultat moyen est 52 sur 100
Statistiques - réponses
Hint Lettre Prénoms % Correct
1 L Léa
90%
5 M Marie
90%
83 L Lou
89%
3 M Manon
88%
11 J Julie
87%
2 C Chloé
86%
8 E Emma
83%
9 C Camille
82%
30 L Louise
78%
36 J Jade
76%
18 J Juliette
76%
10 L Lucie
76%
73 A Anna
75%
55 Z Zoé
75%
15 C Clara
74%
6 L Laura
74%
7 S Sarah
74%
16 P Pauline
73%
46 J Jeanne
70%
22 L Lisa
70%
4 O Océane
70%
24 C Charlotte
69%
21 I Inès
69%
35 A Alice
68%
27 E Eva
68%
61 J Julia
67%
14 M Marine
66%
32 E Élisa
64%
37 E Élise
64%
68 L Léna
64%
20 E Emilie
63%
17 J Justine
63%
50 L Lola
63%
12 M Mathilde
62%
52 V Valentine
62%
23 M Marion
61%
92 S Sophie
61%
13 A Anaïs
58%
70 L Laure
58%
40 C Clémence
56%
33 A Amélie
55%
26 N Noémie
54%
42 R Romane
54%
48 M Margot
52%
43 A Alicia
51%
31 C Célia
51%
25 M Margaux
51%
67 N Nina
51%
47 C Carla
49%
78 V Victoria
49%
71 E Éloïse
48%
34 M Mélanie
48%
63 A Aurélie
46%
93 C Céline
46%
44 C Claire
46%
64 M Maëlle
46%
81 A Ambre
45%
96 Y Yasmine
45%
39 E Élodie
44%
51 F Fanny
44%
90 H Héloïse
44%
38 M Mélissa
44%
80 C Clémentine
43%
77 E Elsa
43%
59 A Alexandra
42%
29 A Amandine
42%
19 M Maeva
42%
49 S Solène
42%
58 A Agathe
41%
79 C Caroline
41%
28 M Morgane
41%
45 L Laurine
40%
41 A Audrey
39%
69 S Salomé
39%
86 C Charline
38%
66 C Coralie
38%
56 L Laurie
37%
99 M Maëlys
37%
65 O Ophélie
36%
54 A Alexia
35%
98 C Cécile
35%
53 E Estelle
35%
72 M Marina
35%
60 E Emeline
34%
57 C Cassandra
32%
97 C Clarisse
30%
75 C Coline
30%
91 J Jessica
30%
74 A Aurore
29%
85 K Kelly
29%
76 A Anaëlle
28%
62 A Axelle
28%
84 C Cloé
28%
94 I Ilona
27%
89 A Andréa
25%
95 M Myriam
25%
82 L Lucile
24%
87 L Laëtitia
23%
100 S Sabrina
23%
88 L Ludivine
17%
Aucun quiz correspondant
Distribution des résultats
% des personnes avec chaque résultat
Percentile par nombre de réponses
Votre historique - résultats
Vous n’avez pas pris ce quiz